Statystyki dla Dzielniki liczby 80

Kliknij tutaj aby rozwiązać quiz!

Ogólne statystyki

  • Ten quiz został rozwiązany 300 razy
  • Średni wynik to 10 z 10

Statystyki odpowiedzi

Dzielniki% Poprawnych
1
100%
2
100%
4
100%
8
100%
10
99%
20
98%
5
97%
40
93%
80
93%
16
90%

Rozkład punktacji

Percentyl według liczby udzielonych odpowiedzi

Procent ludzi z każdym wynikiem

Twoja historia wyników

Nie rozwiązałeś tego quizu